[Event "Titled Tue 20th May Late"]
[Site "chess.com INT"]
[Date "2025.05.20"]
[Round "3"]
[White "Gurevich, Dmitry"]
[Black "Sklokin, Sergey"]
[Result "0-1"]
[WhiteTitle "GM"]
[BlackTitle "FM"]
[WhiteElo "2347"]
[BlackElo "2311"]
[WhiteFideId "2000407"]
[BlackFideId "55730230"]
[EventDate "2025.05.20"]

1. d4 Nf6 2. c4 g6 3. Nc3 d5 4. Nf3 Bg7 5. cxd5 Nxd5 6. Bd2 O-O 7. Rc1 Nxc3 8.
Bxc3 c6 9. e3 Nd7 10. Bc4 Nb6 11. Bb3 Nd5 12. Bd2 Bg4 13. h3 Bf5 14. Qe2 Nf6 15.
O-O Ne4 16. Bb4 a5 17. Ba3 b5 18. Bc5 a4 19. Bc2 Re8 20. Bb1 Qd7 21. Rfd1 Nxc5
22. Bxf5 gxf5 23. Rxc5 e6 24. Rdc1 Rac8 25. Qc2 Bf8 26. Rxc6 Rxc6 27. Qxc6 Qxc6
28. Rxc6 b4 29. Ne5 Rb8 30. Nd3 b3 31. a3 f4 32. Rc4 fxe3 33. fxe3 Ra8 34. Nc5
e5 35. Rxa4 Rd8 36. Rc4 exd4 37. exd4 Rxd4 38. Rc3 Rd1+ 39. Kf2 Rd2+ 40. Kf3
Bxc5 41. Rxc5 Rxb2 42. Rb5 Kf8 43. a4 Rb1 44. a5 b2 45. Kg3 Ke7 46. a6 Ra1 47.
Rxb2 Rxa6 48. Rb4 Kf6 49. Rf4+ Kg7 50. Rg4+ Kf8 51. Rh4 h6 52. Rg4 Ra5 53. Rh4
Kg7 54. Rg4+ Kf6 55. Rf4+ Ke6 56. Rh4 h5 57. Rf4 f6 58. Kh4 Kf7 59. g4 Kg6 60.
gxh5+ Rxh5+ 61. Kg3 Rb5 62. Rg4+ Kf5 63. Rf4+ Ke5 64. Rf3 Rb1 65. Re3+ Kf5 66.
Rf3+ Kg6 67. Kf4 Rb4+ 68. Kg3 f5 69. Rf4 Rb3+ 70. Rf3 Rb1 71. Rc3 Kf6 72. Rc6+
Ke5 73. Rc5+ Ke6 74. Rc6+ Kd5 75. Rc8 Rb4 76. Re8 Rc4 77. h4 Rg4+ 78. Kh3 Rg7
79. h5 f4 80. h6 Rh7 81. Kg4 Rf7 82. Kf3 Rh7 83. Kxf4 Rxh6 84. Re5+ Kd6 85. Re8
Rh1 86. Kf3 Rf1+ 87. Kg2 Rf5 88. Re2 Kd5 89. Re8 Rg5+ 90. Kf3 Kd4 91. Kf2 Rf5+
92. Ke2 Ra5 93. Kf2 Ra3 94. Kf1 Kd3 95. Kf2 Ra1 96. Kg2 Ra2+ 97. Kg3 Ra7 98. Kg4
Kd4 99. Kg3 Kd5 100. Kg4 Kd6 101. Kg3 Kd7 102. Re1 Ra3+ 103. Kg4 Kd6 104. Kg5
Ra4 105. Kf5 Ra2 106. Kf4 Rf2+ 107. Kg3 Rf6 108. Kg4 Kd5 109. Kg3 Rf5 110. Kg4
Rf8 111. Kg3 Rg8+ 112. Kf4 Kd4 113. Kf3 Kd3 114. Re7 Rf8+ 115. Kg4 Rf6 116. Kg5
Ra6 117. Kg4 Kc4 118. Kg5 Kc5 119. Kg4 Kd6 120. Re1 Ra4+ 121. Kg3 Ra2 122. Kf4
Kd5 123. Kf5 Rf2+ 124. Kg4 Kd4 125. Kg3 Rf8 126. Re7 Rg8+ 127. Kf4 Kd5 128. Kf5
Rf8+ 0-1

[Event "Titled Tue 20th May Late"]
[Site "chess.com INT"]
[Date "2025.05.20"]
[Round "4"]
[White "Gonzalez Vega, Alejandro"]
[Black "Jimenez Salas, Maria Teresa"]
[Result "0-1"]
[WhiteTitle "FM"]
[BlackTitle "WIM"]
[WhiteElo "2092"]
[BlackElo "2137"]
[WhiteFideId "3510042"]
[BlackFideId "3843866"]
[EventDate "2025.05.20"]

1. d4 d5 2. c4 c6 3. Nc3 dxc4 4. e3 b5 5. a4 b4 6. Na2 e6 7. Bxc4 Nf6 8. Bd2 a5
9. Nc1 Be7 10. Nb3 Ba6 11. Nf3 Bxc4 0-1

[Event "Titled Tue 20th May Late"]
[Site "chess.com INT"]
[Date "2025.05.20"]
[Round "4"]
[White "Ribeiro, Matheus Mendes Domingues"]
[Black "Ersoz, Teoman Guney"]
[Result "1-0"]
[WhiteTitle "FM"]
[BlackTitle "CM"]
[WhiteElo "2294"]
[BlackElo "2090"]
[WhiteFideId "324226923"]
[BlackFideId "44537050"]
[EventDate "2025.05.20"]

1. c4 Nf6 2. Nc3 e5 3. Nf3 Nc6 4. e4 Bb4 5. d3 O-O 6. a3 Bxc3+ 7. bxc3 d6 8. g3
Bg4 9. Bg2 Qd7 10. h3 Bh5 11. g4 Bg6 12. O-O b6 13. Nh4 a5 14. Nf5 Ne8 15. Be3
f6 16. Qf3 Ne7 17. Qg3 Nxf5 18. exf5 Bf7 19. Bxa8 1-0

[Event "Titled Tue 20th May Late"]
[Site "chess.com INT"]
[Date "2025.05.20"]
[Round "4"]
[White "Fernandes, Rogerio Paulo Muller"]
[Black "Diaz Cesar, Wilsaida Pieranlly"]
[Result "1-0"]
[BlackTitle "WFM"]
[WhiteElo "2241"]
[BlackElo "1892"]
[WhiteFideId "2101599"]
[BlackFideId "6403557"]
[EventDate "2025.05.20"]

1. c4 d6 2. g3 Nf6 3. Bg2 c5 4. Nf3 g6 5. O-O Bg7 6. Nc3 O-O 7. a3 a6 8. Rb1 Bg4
9. b4 cxb4 10. Rxb4 Nc6 11. Rxb7 Qc8 12. Rb1 Bh3 13. d3 Bxg2 14. Kxg2 h5 15. Bd2
Nh7 16. Nd5 Qd8 17. Qa4 Ne5 18. Nxe5 Bxe5 19. Rb7 e6 20. Ne7+ Kg7 21. Nc6 Qf6
22. Nxe5 dxe5 23. h4 g5 24. hxg5 Nxg5 25. c5 h4 26. Qxh4 Rh8 27. Qxg5+ 1-0

[Event "Titled Tue 20th May Late"]
[Site "chess.com INT"]
[Date "2025.05.20"]
[Round "4"]
[White "Le, Quang Liem"]
[Black "Petriashvili, Nikoloz"]
[Result "1-0"]
[WhiteTitle "GM"]
[BlackTitle "IM"]
[WhiteElo "2729"]
[BlackElo "2468"]
[WhiteFideId "12401137"]
[BlackFideId "13611216"]
[EventDate "2025.05.20"]

1. Nf3 Na6 2. e4 c6 3. d4 d5 4. exd5 Qxd5 5. Nc3 Qd6 6. Ne4 Qd8 7. Bc4 Nf6 8.
Neg5 Nd5 9. Ne5 f6 10. Ngf7 Qb6 11. Nxh8 fxe5 12. Bxd5 cxd5 13. Qh5+ g6 14. Qxh7
Qxd4 15. Qxg6+ Kd7 16. Qf5+ Kc6 17. Qxf8 Nb4 18. O-O Bh3 19. Qh6+ 1-0

[Event "Titled Tue 20th May Late"]
[Site "chess.com INT"]
[Date "2025.05.20"]
[Round "4"]
[White "Zieba, Hubert"]
[Black "Jacobsen, Mikkel Manosri"]
[Result "0-1"]
[WhiteTitle "CM"]
[BlackTitle "FM"]
[WhiteElo "2233"]
[BlackElo "2223"]
[WhiteFideId "21844704"]
[BlackFideId "1444514"]
[EventDate "2025.05.20"]

1. d4 d5 2. c4 e6 3. Nf3 a6 4. g3 dxc4 5. Bg2 Nc6 6. O-O Rb8 7. e3 b5 8. Qe2 Nf6
9. b3 cxb3 10. axb3 Bb7 11. Bb2 Nb4 12. Rc1 Be7 13. Nc3 O-O 14. Ba3 Rc8 15. Na2
Nxa2 16. Rxa2 b4 17. Bb2 c5 18. dxc5 Rxc5 19. Rxc5 Bxc5 20. Qc2 Be4 21. Qxc5
Qd1+ 22. Bf1 Qxf3 0-1

[Event "Titled Tue 20th May Late"]
[Site "chess.com INT"]
[Date "2025.05.20"]
[Round "4"]
[White "Belov, Alexei"]
[Black "Martinez Pla, Xavier"]
[Result "1-0"]
[WhiteTitle "IM"]
[BlackTitle "FM"]
[WhiteElo "2421"]
[BlackElo "2282"]
[WhiteFideId "4128206"]
[BlackFideId "32074271"]
[EventDate "2025.05.20"]

1. e4 c5 2. Nf3 e6 3. d4 cxd4 4. Nxd4 Nc6 5. Nc3 Qc7 6. Be2 a6 7. O-O Nf6 8. a4
Be7 9. Be3 d6 10. f4 O-O 11. Kh1 Bd7 12. Nb3 b6 13. Bf3 Rfe8 14. Qe2 Bc8 15. e5
Nd7 16. exd6 Bxd6 17. Rad1 Nf6 18. Nd4 Bb7 19. Ndb5 axb5 20. Nxb5 Ba6 21. Nxc7
Bxe2 22. Nxe8 Bxd1 23. Nxf6+ gxf6 24. Rxd1 1-0

[Event "Titled Tue 20th May Late"]
[Site "chess.com INT"]
[Date "2025.05.20"]
[Round "4"]
[White "Shuvalov, Evgenij"]
[Black "Coe, William"]
[Result "1-0"]
[WhiteElo "1986"]
[BlackElo "2078"]
[WhiteFideId "4187237"]
[BlackFideId "30913624"]
[EventDate "2025.05.20"]

1. d4 Nf6 2. c4 e6 3. Nf3 d5 4. Nc3 Be7 5. Bf4 O-O 6. e3 b6 7. Qc2 Bb7 8. cxd5
Nxd5 9. Nxd5 Bxd5 10. Bd3 h6 11. Qxc7 Nd7 12. Qxd8 Rfxd8 13. Ke2 f6 14. Rhc1
Rac8 15. Bc7 Re8 16. Ba6 Bxf3+ 17. Kxf3 e5 18. Bxc8 Rxc8 19. Rc2 exd4 20. exd4
f5 21. Rac1 Bf6 22. Be5 Rxc2 23. Rxc2 Nxe5+ 24. dxe5 Bxe5 25. b3 g5 26. h3 h5
27. g4 1-0

[Event "Titled Tue 20th May Late"]
[Site "chess.com INT"]
[Date "2025.05.20"]
[Round "4"]
[White "Zlatin, Alexander"]
[Black "Kushko, Dmitriy"]
[Result "0-1"]
[WhiteTitle "FM"]
[BlackTitle "IM"]
[WhiteElo "2306"]
[BlackElo "2454"]
[WhiteFideId "2810549"]
[BlackFideId "14162261"]
[EventDate "2025.05.20"]

1. e4 d6 2. d4 Nf6 3. f3 e5 4. dxe5 dxe5 5. Qxd8+ Kxd8 6. Bc4 Ke8 7. Bg5 Nbd7 8.
Nc3 c6 9. O-O-O b5 10. Bb3 Nc5 11. f4 h6 12. Bh4 exf4 13. e5 Nfd7 14. Nf3 g5 15.
Nxg5 hxg5 16. Bxg5 Bh6 17. h4 Bxg5 18. hxg5 Rxh1 19. Rxh1 Nxb3+ 20. axb3 Ke7 21.
Ne4 Nxe5 22. Nc5 Bf5 23. Re1 f6 24. b4 Rg8 25. gxf6+ Kxf6 26. Rf1 Rxg2 27. Rf3
Rxc2+ 0-1

[Event "Titled Tue 20th May Late"]
[Site "chess.com INT"]
[Date "2025.05.20"]
[Round "4"]
[White "Cernov, Henrik"]
[Black "Rudolph, Anna"]
[Result "1-0"]
[WhiteTitle "FM"]
[BlackTitle "WIM"]
[WhiteElo "2325"]
[BlackElo "2198"]
[WhiteFideId "16258312"]
[BlackFideId "14102404"]
[EventDate "2025.05.20"]

1. e4 Nf6 2. Nc3 e5 3. d4 exd4 4. Qxd4 Nc6 5. Qd3 Bb4 6. Bd2 O-O 7. O-O-O Re8 8.
Nge2 d6 9. Bg5 h6 10. Bxf6 Qxf6 11. Nd5 Qd8 12. Nxb4 Nxb4 13. Qd2 a5 14. Nc3 Be6
15. a3 Nc6 16. f4 Ne7 17. f5 Bd7 18. g4 f6 19. h4 b5 20. Nxb5 Qb8 21. Nc3 Nc6
22. Bc4+ Kf8 23. Qd5 Ne5 24. Qg8+ Ke7 25. Qxg7+ Kd8 26. Qxf6+ Kc8 27. Bd5 Nxg4
28. Qg7 Nf2 29. Bxa8 Qxa8 30. f6 Nxd1 31. Rxd1 Kb7 32. Qxd7 1-0

[Event "Titled Tue 20th May Late"]
[Site "chess.com INT"]
[Date "2025.05.20"]
[Round "4"]
[White "Liu, Jason"]
[Black "Bardyk, Artem"]
[Result "0-1"]
[BlackTitle "FM"]
[WhiteElo "2064"]
[BlackElo "2284"]
[WhiteFideId "2514656"]
[BlackFideId "34349979"]
[EventDate "2025.05.20"]

1. e4 c6 2. d4 d5 3. exd5 cxd5 4. Bd3 Nc6 5. c3 Nf6 6. h3 g6 7. Nf3 Bf5 8. O-O
Bxd3 9. Qxd3 Bg7 10. Bf4 O-O 11. Nbd2 e6 12. Rfe1 a6 13. Ne5 Nxe5 14. Bxe5 Nd7
15. Bxg7 Kxg7 16. Nf3 b5 17. Ne5 Nxe5 18. Rxe5 Qd6 19. Rae1 b4 20. c4 dxc4 21.
Qxc4 Rfd8 22. d5 exd5 23. Qd4 Qf6 24. Qxb4 d4 25. Qd2 Rac8 26. R5e2 d3 27. Re4
Rc2 28. Qe3 d2 29. Rd1 Qxb2 30. Kh2 Rc1 31. Qe2 Rxd1 32. Qxd1 Qc1 0-1

[Event "Titled Tue 20th May Late"]
[Site "chess.com INT"]
[Date "2025.05.20"]
[Round "4"]
[White "Klukin, Kirill"]
[Black "Mekhitarian, Krikor Sevag"]
[Result "1/2-1/2"]
[WhiteTitle "IM"]
[BlackTitle "GM"]
[WhiteElo "2407"]
[BlackElo "2564"]
[WhiteFideId "24199273"]
[BlackFideId "2107660"]
[EventDate "2025.05.20"]

1. d4 Nf6 2. Nf3 d5 3. e3 c5 4. c3 Nbd7 5. Nbd2 g6 6. Bd3 Bg7 7. O-O O-O 8. b3
Qc7 9. Bb2 e5 10. dxe5 Nxe5 11. Nxe5 Qxe5 12. Nf3 Qe7 13. c4 dxc4 14. Bxc4 Be6
15. Qe2 Rfd8 16. Rfd1 Bxc4 17. Qxc4 Ne4 18. Bxg7 Kxg7 19. h3 b6 20. a4 Rab8 21.
Rac1 h6 22. Qa6 Rxd1+ 23. Rxd1 Rd8 24. Rxd8 Qxd8 25. Qxa7 Qd1+ 26. Kh2 Qd6+ 27.
Kg1 Qd1+ 28. Kh2 Qd6+ 29. Kg1 Qd1+ 1/2-1/2

[Event "Titled Tue 20th May Late"]
[Site "chess.com INT"]
[Date "2025.05.20"]
[Round "4"]
[White "Shubenkova, Veronika"]
[Black "Abdurakhmonov, Mukhammadali"]
[Result "1-0"]
[WhiteTitle "WFM"]
[BlackTitle "IM"]
[WhiteElo "2024"]
[BlackElo "2368"]
[WhiteFideId "44124040"]
[BlackFideId "14207346"]
[EventDate "2025.05.20"]

1. e4 e5 2. Nf3 Nc6 3. Bb5 Nf6 4. O-O Be7 5. Re1 d6 6. h3 O-O 7. c3 a6 8. Ba4 b5
9. Bc2 Bb7 10. a4 Nd7 11. axb5 axb5 12. Rxa8 Qxa8 13. Na3 b4 14. Nb5 Qb8 15. Ba4
Nb6 16. d4 exd4 17. Nbxd4 Nxd4 18. cxd4 Nxa4 19. Qxa4 Qa8 20. Qc2 Rc8 21. Bd2 c5
22. dxc5 dxc5 23. Ne5 Qa6 24. b3 Qe6 25. Nc4 Ra8 26. Bc1 Bf6 27. e5 Be7 28. Be3
h6 29. f4 Bh4 30. Rd1 Qb6 31. Nxb6 1-0

[Event "Titled Tue 20th May Late"]
[Site "chess.com INT"]
[Date "2025.05.20"]
[Round "4"]
[White "Sampaoli, Cristian"]
[Black "Danzer, George"]
[Result "1-0"]
[WhiteTitle "CM"]
[BlackTitle "CM"]
[WhiteElo "2211"]
[BlackElo "2172"]
[WhiteFideId "115800"]
[BlackFideId "4659465"]
[EventDate "2025.05.20"]

1. d4 Nf6 2. c4 g6 3. Nc3 d5 4. cxd5 Nxd5 5. e4 Nxc3 6. bxc3 Bg7 7. Nf3 c5 8.
Be2 Nc6 9. Be3 Bg4 10. O-O Bxf3 11. Bxf3 cxd4 12. cxd4 Nxd4 13. Rb1 Nxf3+ 14.
Qxf3 b6 15. Rfd1 Qb8 16. Bg5 h6 17. Bxe7 Kxe7 18. Rd7+ Kxd7 19. Qxf7+ Kd6 20.
Rd1+ Kc5 21. Qd5+ Kb4 22. Rb1+ Kc3 23. Rb3+ Kc2 24. Qd3+ Kc1 25. Rb1# 1-0

[Event "Titled Tue 20th May Late"]
[Site "chess.com INT"]
[Date "2025.05.20"]
[Round "4"]
[White "Lewicki, Miroslaw"]
[Black "Kollars, Dmitrij"]
[Result "0-1"]
[WhiteTitle "IM"]
[BlackTitle "GM"]
[WhiteElo "2317"]
[BlackElo "2625"]
[WhiteFideId "1113380"]
[BlackFideId "12909572"]
[EventDate "2025.05.20"]

1. e4 e5 2. Nf3 Nc6 3. Bb5 a6 4. Ba4 Nf6 5. d3 d6 6. h3 b5 7. Bb3 Na5 8. O-O g6
9. c3 Nxb3 10. axb3 Bg7 11. b4 O-O 12. Bg5 h6 13. Bh4 Qe8 14. Nbd2 Nh5 15. Bg3
f5 16. exf5 gxf5 17. Bh2 Kh8 18. Re1 Rg8 19. Kh1 Qg6 20. Nh4 Qf7 21. f4 Bf6 22.
Nhf3 exf4 23. Nf1 Bb7 24. d4 Be4 25. N1d2 Bd5 26. Qe2 Rg7 27. Qf2 Rag8 28. Rxa6
Rxg2 29. Qxg2 Rxg2 30. Kxg2 Bh4 31. Re2 Qg8+ 0-1

[Event "Titled Tue 20th May Late"]
[Site "chess.com INT"]
[Date "2025.05.20"]
[Round "4"]
[White "Kjaergaard-Jensen, Jesper"]
[Black "Gimeno Martos, Roberto"]
[Result "1-0"]
[WhiteTitle "CM"]
[BlackTitle "CM"]
[WhiteElo "2081"]
[BlackElo "2090"]
[WhiteFideId "1406990"]
[BlackFideId "2226804"]
[EventDate "2025.05.20"]

1. d4 d5 2. Nf3 c6 3. c3 Nf6 4. Bg5 e6 5. Nbd2 Be7 6. Bxf6 Bxf6 7. e4 dxe4 8.
Nxe4 Be7 9. Bd3 Nd7 10. h4 Nf6 11. Qe2 Qb6 12. O-O-O Nd5 13. g3 Bd7 14. Ne5 Rd8
15. Ng5 Bxg5+ 16. hxg5 Qa5 17. Qf3 Rf8 18. Rxh7 Qxa2 19. Rxg7 Qa1+ 20. Bb1 c5
21. Rxf7 1-0

[Event "Titled Tue 20th May Late"]
[Site "chess.com INT"]
[Date "2025.05.20"]
[Round "4"]
[White "Aravindh, Chithambaram VR."]
[Black "Eminov, Orkhan"]
[Result "1-0"]
[WhiteTitle "GM"]
[BlackTitle "FM"]
[WhiteElo "2749"]
[BlackElo "2239"]
[WhiteFideId "5072786"]
[BlackFideId "13402153"]
[EventDate "2025.05.20"]

1. d4 Nf6 2. Nf3 g6 3. g3 Bg7 4. Bg2 O-O 5. O-O d6 6. c4 Nc6 7. Nc3 Bf5 8. Re1
Ne4 9. Nh4 Nxc3 10. bxc3 Bd7 11. Rb1 Rb8 12. f4 e5 13. fxe5 dxe5 14. d5 Na5 15.
c5 Qe7 16. d6 cxd6 17. cxd6 Qe6 18. Bd5 Qg4 19. Rb4 e4 20. Rxe4 Qh5 21. c4 Rfe8
22. Rf4 Be6 23. d7 Red8 24. Bxe6 fxe6 25. Qd6 Nc6 26. Qxe6+ Kh8 27. Nf3 b5 28.
Qxc6 bxc4 29. Ng5 1-0

[Event "Titled Tue 20th May Late"]
[Site "chess.com INT"]
[Date "2025.05.20"]
[Round "4"]
[White "Medina Paz, Miguel"]
[Black "Pribelszky, Bence"]
[Result "0-1"]
[WhiteTitle "IM"]
[BlackTitle "IM"]
[WhiteElo "2368"]
[BlackElo "2400"]
[WhiteFideId "7300379"]
[BlackFideId "769738"]
[EventDate "2025.05.20"]

1. d4 e6 2. c4 c5 3. d5 exd5 4. cxd5 Nf6 5. Nc3 d6 6. e4 g6 7. Nf3 Bg7 8. Nd2
O-O 9. Be2 Re8 10. O-O Na6 11. a4 Nc7 12. Qc2 b6 13. f4 a6 14. Nc4 Rb8 15. Bf3
b5 16. axb5 axb5 17. Na5 Bd7 18. e5 dxe5 19. fxe5 Rxe5 20. Bf4 Rf5 21. Be4 Nxe4
22. Nxe4 Nxd5 23. Bxb8 Qxb8 24. Qxc5 Bxb2 25. Rxf5 Bxf5 26. Nc6 Qe8 27. Nd6 Qe3+
28. Qxe3 Nxe3 29. Ra8+ Kg7 30. Nxb5 Be4 31. Ne7 Bxa8 0-1

[Event "Titled Tue 20th May Late"]
[Site "chess.com INT"]
[Date "2025.05.20"]
[Round "4"]
[White "Buchenau, Frank"]
[Black "Hiermann, Dietmar"]
[Result "0-1"]
[WhiteTitle "FM"]
[BlackTitle "FM"]
[WhiteElo "2190"]
[BlackElo "2216"]
[WhiteFideId "4604350"]
[BlackFideId "1602918"]
[EventDate "2025.05.20"]

1. e4 c5 2. g3 d6 3. Bg2 g6 4. Ne2 Bg7 5. c3 Nc6 6. d4 Rb8 7. O-O b5 8. e5 Qc7
9. exd6 exd6 10. dxc5 dxc5 11. Bf4 Ne5 12. Re1 Ne7 13. Nd4 cxd4 14. cxd4 O-O 15.
Bxe5 Bxe5 16. dxe5 Be6 17. Nc3 Rfd8 18. Qf3 b4 19. Ne4 Nf5 20. Nf6+ Kg7 21. Rac1
Qa5 22. Rc6 b3 23. axb3 Qxe1+ 24. Bf1 Rd1 0-1

[Event "Titled Tue 20th May Late"]
[Site "chess.com INT"]
[Date "2025.05.20"]
[Round "4"]
[White "Tymrakiewicz, Rafal"]
[Black "Nielsen-Refs, Karl-Emil Elmer"]
[Result "1-0"]
[WhiteTitle "FM"]
[BlackTitle "CM"]
[WhiteElo "2189"]
[BlackElo "2095"]
[WhiteFideId "1108832"]
[BlackFideId "1452797"]
[EventDate "2025.05.20"]

1. d4 Nf6 2. Bg5 d5 3. e3 e6 4. Nd2 Bd6 5. Bd3 O-O 6. f4 h6 7. Bxf6 Qxf6 8. Ngf3
c5 9. c3 Nc6 10. O-O b6 11. Ne5 Bxe5 12. fxe5 Qg5 13. Rf4 cxd4 14. Nf3 Qe7 15.
exd4 f5 16. exf6 Rxf6 17. Qd2 a5 18. Rf1 Ba6 19. Rxf6 gxf6 20. Bxa6 Rxa6 21.
Qxh6 Qg7 22. Qe3 e5 23. dxe5 fxe5 24. Qd3 Ne7 25. Qxa6 e4 26. Nd4 1-0

[Event "Titled Tue 20th May Late"]
[Site "chess.com INT"]
[Date "2025.05.20"]
[Round "4"]
[White "Barrientos, Ernesto"]
[Black "Cramling Bellon, Anna"]
[Result "0-1"]
[WhiteTitle "CM"]
[BlackTitle "WFM"]
[WhiteElo "2027"]
[BlackElo "2046"]
[WhiteFideId "3701247"]
[BlackFideId "32009232"]
[EventDate "2025.05.20"]

1. e4 c5 2. Nf3 e6 3. d4 cxd4 4. Nxd4 Nf6 5. Bd3 Nc6 6. Nxc6 bxc6 7. Bf4 d5 8.
Nd2 Be7 9. O-O O-O 10. Qe2 c5 11. e5 c4 12. exf6 cxd3 13. Qxd3 Bxf6 14. c3 Qb6
15. Nb3 Ba6 16. Qg3 Bxf1 17. Rxf1 Rfe8 18. Re1 a5 19. Re2 a4 20. Nd4 Bxd4 21.
cxd4 Qxd4 22. Kf1 Rac8 23. Be5 Rc1+ 24. Re1 Qc4+ 0-1

[Event "Titled Tue 20th May Late"]
[Site "chess.com INT"]
[Date "2025.05.20"]
[Round "4"]
[White "Grot, Blazej"]
[Black "Behzad Nazif, Parva"]
[Result "1-0"]
[WhiteTitle "CM"]
[BlackTitle "WIM"]
[WhiteElo "2217"]
[BlackElo "2090"]
[WhiteFideId "21835845"]
[BlackFideId "12563790"]
[EventDate "2025.05.20"]

1. d4 Nf6 2. c4 g6 3. Nc3 Bg7 4. e4 d6 5. Be2 O-O 6. h4 h5 7. Bg5 c5 8. d5 e6 9.
Nf3 exd5 10. exd5 Re8 11. O-O Bf5 12. Bd3 Bxd3 13. Qxd3 Nbd7 14. Rae1 a6 15. Ne4
Qc7 16. Nxf6+ Nxf6 17. Bf4 Ng4 18. a3 Bxb2 19. Ng5 Bg7 20. Ne4 Ne5 21. Bxe5 Bxe5
22. f4 Bd4+ 23. Kh2 b5 24. f5 bxc4 25. Qf3 Qd8 26. g3 Be5 27. fxg6 fxg6 28. Qf7+
Kh8 29. Ng5 Re7 30. Qxg6 Qe8 31. Rf7 Bxg3+ 32. Kxg3 Re3+ 33. Rxe3 Qxe3+ 34. Nf3
Rf8 35. Rh7# 1-0

[Event "Titled Tue 20th May Late"]
[Site "chess.com INT"]
[Date "2025.05.20"]
[Round "4"]
[White "Perez Rojas, Jorge"]
[Black "Piddubna, Bozhena"]
[Result "0-1"]
[WhiteTitle "FM"]
[BlackTitle "WFM"]
[WhiteElo "2100"]
[BlackElo "2174"]
[WhiteFideId "3452093"]
[BlackFideId "34109293"]
[EventDate "2025.05.20"]

1. e4 e5 2. Nc3 Nf6 3. Bc4 c6 4. d4 Bb4 5. dxe5 Nxe4 6. Qf3 d5 7. exd6 Nxd6 8.
Bb3 O-O 9. Ne2 Nd7 10. Bf4 Qf6 11. Rd1 Ne5 12. Qg3 Nf5 13. Bxe5 Nxg3 14. Bxf6
Nxh1 15. Bd4 Re8 16. Kf1 Bg4 17. f3 Bh5 18. Kg1 c5 19. Kxh1 cxd4 20. Rxd4 Bxc3 0-1

[Event "Titled Tue 20th May Late"]
[Site "chess.com INT"]
[Date "2025.05.20"]
[Round "4"]
[White "Antoniou, Rafail"]
[Black "Toncheva, Nadya"]
[Result "0-1"]
[WhiteTitle "CM"]
[BlackTitle "FM"]
[WhiteElo "2134"]
[BlackElo "2332"]
[WhiteFideId "5904390"]
[BlackFideId "2924056"]
[EventDate "2025.05.20"]

1. e4 c5 2. c3 d5 3. exd5 Qxd5 4. d4 Nc6 5. Nf3 Bg4 6. Nbd2 e6 7. Bc4 Qh5 8. Qa4
Nf6 9. Ne5 Rc8 10. Nxc6 bxc6 11. Qxa7 Bd6 12. h3 O-O 13. Nb3 Ra8 14. Qb6 Bf3 15.
Be3 Rfb8 16. Qxb8+ Rxb8 17. gxf3 Qxf3 18. Rf1 Nd5 19. Bd2 cxd4 20. cxd4 Bb4 21.
Bxd5 exd5 22. Bxb4 Re8+ 23. Kd2 Qe2+ 24. Kc3 Qc4+ 25. Kd2 Re2+ 26. Kd1 Qc2# 0-1

[Event "Titled Tue 20th May Late"]
[Site "chess.com INT"]
[Date "2025.05.20"]
[Round "4"]
[White "Swara Lakshmi S Nair"]
[Black "Flores Mirabal, Nancy"]
[Result "1-0"]
[WhiteTitle "WCM"]
[BlackTitle "WCM"]
[WhiteElo "2178"]
[BlackElo "2050"]
[WhiteFideId "25629239"]
[BlackFideId "109339"]
[EventDate "2025.05.20"]

1. e4 c5 2. Nf3 d6 3. d4 cxd4 4. Qxd4 a6 5. c4 Nc6 6. Qe3 Nf6 7. Be2 e6 8. O-O
Be7 9. Nc3 O-O 10. h3 Bd7 11. Rb1 Rc8 12. Rd1 Na5 13. b3 Qe8 14. Qb6 Qd8 15. Be3
Qxb6 16. Bxb6 Nc6 17. Rbc1 Nh5 18. e5 Nf4 19. Bf1 d5 20. cxd5 Nxd5 21. Nxd5 exd5
22. Rxd5 Be6 23. Rdd1 h6 24. Bc4 Bf5 25. Bd5 Nb4 26. Rxc8 Rxc8 27. Nd4 Bg6 28.
Bc4 Bc5 29. Bxc5 Rxc5 30. e6 Nxa2 31. e7 Re5 32. Ne6 fxe6 33. Rd8+ Kh7 34. Bd3
Rf5 35. g4 Nb4 36. gxf5 Bf7 37. fxe6+ Nxd3 38. exf7 Ne5 39. f8=Q Ng6 40. Qg8# 1-0

[Event "Titled Tue 20th May Late"]
[Site "chess.com INT"]
[Date "2025.05.20"]
[Round "4"]
[White "Ozates, Tuna"]
[Black "Badacsonyi, Stanley"]
[Result "1-0"]
[WhiteTitle "FM"]
[BlackTitle "FM"]
[WhiteElo "2217"]
[BlackElo "2289"]
[WhiteFideId "6354521"]
[BlackFideId "486973"]
[EventDate "2025.05.20"]

1. e4 c5 2. Nf3 Nc6 3. Bb5 e6 4. O-O Nge7 5. Re1 a6 6. Bf1 b5 7. c3 Bb7 8. d4
cxd4 9. cxd4 d5 10. e5 Nf5 11. g4 Nh4 12. Be3 Rc8 13. Nc3 Be7 14. Nxh4 Bxh4 15.
Bd3 Bg5 16. f4 Bh4 17. Rf1 Be7 18. Qf3 Qb6 19. Qf2 O-O 20. f5 Nxe5 21. dxe5 Qxe3
22. Qxe3 Bc5 23. Qxc5 Rxc5 24. fxe6 d4 25. exf7+ Rxf7 26. Ne4 Rxf1+ 27. Rxf1
Rxe5 28. Nd6 Bd5 29. Rf5 Rxf5 30. Nxf5 Bxa2 31. Nxd4 Bd5 32. Kf2 g6 33. Ke3 Kf7
34. Nf3 Kf6 35. g5+ Ke6 36. h4 Bb7 37. Kf4 Kd6 38. Ne5 Kc5 39. h5 Kb4 40. Nxg6
hxg6 41. h6 1-0